[Event "Mataro op 11th"]
[Site "Mataro"]
[Date "2014.11.01"]
[Round "6"]
[White "Simon Riera, Josep"]
[Black "Puig Vila, Esteve"]
[Result "0-1"]
[WhiteElo "1792"]
[BlackElo "1765"]
[PlyCount "88"]
[EventDate "2014.09.27"]
[EventType "swiss"]
[EventRounds "9"]
[EventCountry "ESP"]
[SourceTitle "EXT 2016"]
[Source "ChessBase"]
[SourceDate "2015.10.08"]
[SourceVersion "1"]
[SourceVersionDate "2015.10.08"]
[SourceQuality "1"]

1. e4 c5 2. Bc4 Nc6 3. Nf3 e5 4. d3 Be7 5. Nc3 Nf6 6. Be3 d6 7. Qd2 0-0 8. h3 Nd4 9. Nd5 Nxd5 10. Bxd5 Qc7 11. c3 Ne6 12. 0-0 Bd7 13. Rac1 Rac8 14. b4 b6 15. d4 exd4 16. cxd4 Bb5 17. Rfe1 Qd7 18. dxc5 dxc5 19. bxc5 Nxc5 20. Bf4 Rfd8 21. Qe3 Nd3 22. Rxc8 Rxc8 23. Rd1 Bc5 24. Nd4 Bxd4 25. Qxd4 Nxf4 26. Qe5 Nxd5 27. Rxd5 Qe8 28. Rxb5 Qxe5 29. Rxe5 Kf8 30. Rd5 Rc1+ 31. Kh2 Rc2 32. a4 Rxf2 33. Kg3 Ra2 34. Rd4 Ke7 35. Kf3 Rc2 36. g3 f6 37. h4 h6 38. Rd5 a6 39. Rd4 Ke6 40. Rb4 Rc6 41. Kf4 g5+ 42. hxg5 hxg5+ 43. Ke3 Ke5 44. Rd4 Rc3+ 0-1